| 000 | 00551nam a2200193Ia 4500 | ||
|---|---|---|---|
| 008 | 140321s9999 xx 000 0 und d | ||
| 020 | _a9789382226901 | ||
| 050 |
_aTX 928 _b.P314 2013 |
||
| 100 | _aPatrick, James | ||
| 245 |
_aHousekeeping Management / _cJames Patrick. |
||
| 250 | _a1st ed. | ||
| 260 |
_aNew Delhi : _bRandom Experts, _cc2013. |
||
| 300 |
_a296 p. : _c25 cm. |
||
| 500 | _aIncludes bibliographical references and index. | ||
| 521 | _aBSBA | ||
| 650 |
_aHotel housekeeping _xManagement. |
||
| 942 |
_kFOR _cBK |
||
| 999 |
_c48249 _d48249 |
||